LEADER 01066cam2-2200373---450- 001 990005769020403321 005 20100927123605.0 035 $a000576902 035 $aFED01000576902 035 $a(Aleph)000576902FED01 035 $a000576902 100 $a19990604d1940----km-y0itay50------ba 101 0 $aita 102 $aIT 105 $af-------001yy 200 1 $aStoria della lingua di Roma$fdi Giacomo Devoto 210 $aBologna$cCappelli$d1940 215 $a429 p., 15 tav.$cill.$d24 cm 300 $aIn testa al front.: Istituto di Studi Romani 461 0$1001000609353$12001$aStoria di Roma$v23 610 0 $aLingua latina$aStoria 676 $a470.9 700 1$aDevoto,$bGiacomo$f<1897-1974>$0638 801 0$aIT$bUNINA$gRICA$2UNIMARC 901 $aBK 912 $a990005769020403321 952 $aBIB. BAT.188$fBAT 952 $a945.63 ISR 1 (23)$bBibl.16035$fFLFBC 952 $aXXI A 340 (23)$b27962$fFGBC 959 $aFGBC 959 $aFLFBC 959 $aBAT 996 $aStoria della lingua di Roma$974853 997 $aUNINA LEADER 01805nas 2200553-a 450 001 996205256003316 005 20240413012205.0 035 $a(CKB)954921429689 035 $a(CONSER)---95657583- 035 $a(EXLCZ)99954921429689 100 $a19950227a19959999 --- a 101 0 $aeng 181 $ctxt$2rdacontent 182 $cc$2rdamedia 183 $acr$2rdacarrier 200 00$aPeople management /$fInstitute of Personnel and Development 210 $aLondon $cPersonnel Publications$d1995- 210 3 $aLondon $cHaymarket Business Media and Haymarket Network 215 $a1 online resource 300 $aRefereed/Peer-reviewed 300 $aTitle from cover. 311 $aPrint version: People management / (DLC) 95657583 (OCoLC)32053956 1358-6297 517 3 $aPM 531 0 $aPeople manag. 606 $aPersonnel management$vPeriodicals 606 $aPersonnel$xDirection$vPériodiques 606 $aGestion du personnel$2eclas 606 $aPublications périodiques$2eclas 606 $aPersonnel management$2fast$3(OCoLC)fst01058797 606 $aPersoneelsmanagement$2gtt 606 $aTraining$2gtt 608 $aPeriodicals.$2fast 608 $aPeriodicals.$2lcgft 610 1 $aPersonnel$aManagement 615 0$aPersonnel management 615 6$aPersonnel$xDirection 615 7$aGestion du personnel. 615 7$aPublications périodiques. 615 7$aPersonnel management. 615 17$aPersoneelsmanagement. 615 17$aTraining. 676 $a658.3/005 712 02$aInstitute of Personnel and Development. 712 02$aChartered Institute of Personnel and Development. 906 $aJOURNAL 912 $a996205256003316 920 $aexl_impl conversion 996 $aPeople management$9976262 997 $aUNISA